| 000 | 00000nam##2200000za#4500 |
| 001 | 9.615367 |
| 003 | CaOODSP |
| 005 | 20210615101109 |
| 007 | ta |
| 008 | 150406|2001||||xxc||||| f|0| 0 eng|d |
| 020 | |a0-660-18311-0 |
| 022 | |a1200-5223 |
| 040 | |aCaOODSP|beng |
| 043 | |an-cn--- |
| 086 | 1 |aCS11-0019/155E |
| 245 | 00|aJob tenure, worker mobility and the youth labour market during the 1990s / |cby G. Picot, A. Heisz and A. Nakamura. |
| 260 | |aOttawa - Ontario : |bStatistics Canada. |c2001. |
| 300 | |a40p. : |bgraphs, references, tables ; |c28 cm. |
| 490 | 1 |aResearch paper series|x1200-5223|vNo. 155 |
| 563 | |aSoftcover |
| 590 | |a01-17|b2001-04-27 |
| 710 | 2 |aStatistics Canada. |bAnalytical Studies Branch. |
| 720 | 1 |aPicot, G. |
| 720 | 1 |aHeisz, A. |
| 720 | 1 |aNakamura, A. |
| 776 | 0#|tJob tenure, worker mobility and the youth labour market during the 1990s / |w(CaOODSP)9.557472 |
| 830 | #0|aResearch paper series,|x1200-5223|vNo. 155|w(CaOODSP)9.514463 |